000
00291nam a2200121Ia 4500
008
190216s9999||||xx |||||||||||||| ||und||
100
_a
Janet Harris
245
4
_a
The Long Freedom Road
260
_b
Sterling Publications
_c
1969
300
_a
150p
650
_a
English Stories
942
_c
BK
999
_c
12116
_d
12116